MARC

LEADER 00000nam0a2200000 4500
001 251320
005 20231101232639.0
010 |a 5279000604 
035 |a (RuTPU)RU\TPU\book\273596 
090 |a 251320 
100 |a 20140220d1989 k y0rusy50 ca 
101 1 |a rus  |c cze 
102 |a RU 
105 |a y z 001zy 
200 1 |a Факторный анализ с обобщениями  |e пер. с чеш.  |f П. Благуш 
210 |a Москва  |c Финансы и статистика  |d 1989 
215 |a 248 с. 
225 1 |a Библиотечка иностранных книг для экономистов и статистиков 
320 |a Библиогр.: с. 236-247. 
606 1 |a Факторный анализ  |2 stltpush  |3 (RuTPU)RU\TPU\subj\60534  |9 77815 
610 1 |a математическая статистика 
610 1 |a ковариационный анализ 
610 1 |a нелинейный анализ 
610 1 |a латентные переменные 
675 |a 519.237  |v 3 
700 1 |a Благуш  |b П.  |g Петр 
801 1 |a RU  |b 63413507  |c 20140220 
801 2 |a RU  |b 63413507  |c 20140227  |g RCR 
942 |c BK